Radiotelescopios /
Guardado en:
| Formato: | |
|---|---|
| Series: | Reloj de la Historia
|
| Materias: | |
| Etiquetas: |
Agregar Etiqueta
Sin Etiquetas, Sea el primero en etiquetar este registro!
|
| LEADER | 00727ngm a22002175g 4500 | ||
|---|---|---|---|
| 001 | CEM.cems021542 | ||
| 008 | 130507b1992##################0###0#####d | ||
| 005 | 20240828132644.0 | ||
| 245 | 0 | 0 | |a Radiotelescopios / |
| 300 | |a 5 | ||
| 490 | 0 | |a Reloj de la Historia | |
| 500 | |a En soporte VHS, consultar en ventanilla. | ||
| 505 | 0 | |a Radioastronomía: origen. El radar. Estudios que puede realizar el radiotelescopio. | |
| 538 | |a Soporte: VHS - Norma: Pal N - Color - Grabación Drd 1992 - Hitachi=5574 | ||
| 082 | 5 | 2 | |/ AST |
| 653 | |a NIVEL SECUNDARIO | ||
| 653 | |a ASTRONOMIA | ||
| 653 | |a RADAR | ||
| 653 | |a RADIOASTRONOMIA | ||
| 653 | |a RADIOTELESCOPIO | ||
| 859 | |a CEMS |b BIB. CEMS - Depto. Recursos Didacticos |h 520 |i AST |k DRD |p 185.12 |t Ej.1 | ||
